000 00684nam a22002412a 4500
001 30331
003 BD-RjUL
005 20211209051540.0
008 140409t1963 enk 001 0 eng d
035 _a(BD-RjUL)30416
040 _aCSF
_cCSF
_dCFT
_dEQO
_dBD-RjUL
_beng
041 _aeng
082 0 4 _a157.3
_bPIP 1963
090 _aBF575.L3
_bP5 1933
100 1 _aPiddington, Ralph.
_992204
245 1 4 _aThe psychology of laughter :
_ba study in social adaptation /
_cby Ralph Piddington
260 _aNew york :
_bGamut press,
_c1963.
300 _a224 p. ;
_c21 cm.
504 _aincludes index.
650 0 _aLaughter
_992205
650 0 _aComic, The
_992206
942 _2ddc
_cBK
999 _c30331
_d30331